| 000 | 00901nam a2200241 i 4500 | ||
|---|---|---|---|
| 001 | 61775 | ||
| 003 | ES-MaACL | ||
| 005 | 20230906164535.0 | ||
| 007 | t| | ||
| 008 | 031113s1962 sp ||||1| spa d | ||
| 100 | 1 |
_aFarrell, Walter. _948892 |
|
| 245 | 1 | 0 |
_aGuía de la Suma Teológica / _cW. Farrell ; [introducción a la versión española por G. Tejero ; versión española de Efren Villacorta Saíz]. |
| 260 |
_aMadrid : _bMorata, _c1962. |
||
| 300 |
_a4 v. ; _c21 cm. |
||
| 505 | 8 | _aContiene: V.I: El arquitecto del Universo. -- V.II: Búsqueda. -- V.III: Plenitud de vida. -- V.IV: El camino de la vida | |
| 700 | 1 |
_aTejero, Pedro G. _9109602 |
|
| 700 | 1 |
_aVillacorta Saiz, Efrén. _9171131 |
|
| 740 | 3 | _aEl arquitecto del Universo. | |
| 740 | 0 | _aBúsqueda de la felicidad. | |
| 740 | 0 | _aPlenitud de vida. | |
| 740 | 3 | _aEl camino de la vida. | |
| 852 |
_aES-MaACL _jC-21980-3 _bR.50809 |
||
| 999 |
_c61775 _d61775 |
||